Top Grossing Films of 2010s - Statistics

General Stats
  • This quiz has been taken 5 times
  • The average score is 5 of 10
Answer Stats
Year Film % Correct
2019 Avengers: Endgame
100%
2012 The Avengers
100%
2013 Iron Man 3
75%
2015 Star Wars: The Force Awakens
75%
2018 Avengers: Infinity War
50%
2016 Captain America: Civil War
50%
2011 Harry Potter and the Deathly Hallows Part 2
25%
2017 Star Wars: The Last Jedi
25%
2010 Toy Story 3
25%
2014 Transformers: Age of Extinction
0%
No matching quizzes found
Score Distribution
Percent of People with Each Score
Percentile by Number Answered
Your Score History
You have not taken this quiz